<?xml version="1.0" encoding="UTF-8"?>
<collection xmlns="http://www.loc.gov/MARC21/slim">
    <record>
        <controlfield tag="001">61522</controlfield>
        <controlfield tag="005">20201105083205.0</controlfield>
        <datafield tag="024" ind1="8" ind2=" ">
            <subfield code="2">sideral</subfield>
            <subfield code="a">98903</subfield>
        </datafield>
        <datafield tag="037" ind1=" " ind2=" ">
            <subfield code="a">ART-2017-98903</subfield>
        </datafield>
        <datafield tag="041" ind1=" " ind2=" ">
            <subfield code="a">spa</subfield>
        </datafield>
        <datafield tag="100" ind1=" " ind2=" ">
            <subfield code="0">(orcid)0000-0003-3789-3781</subfield>
            <subfield code="a">Usán Supervía, Pablo</subfield>
            <subfield code="u">Universidad de Zaragoza</subfield>
        </datafield>
        <datafield tag="245" ind1=" " ind2=" ">
            <subfield code="a">Creencias y percepciones del éxito en futbolistas adolescentes. Diferencias entre categorías deportivas y posición clasificatoria.</subfield>
        </datafield>
        <datafield tag="260" ind1=" " ind2=" ">
            <subfield code="c">2017</subfield>
        </datafield>
        <datafield tag="506" ind1="0" ind2=" ">
            <subfield code="a">Access copy available to the general public</subfield>
            <subfield code="f">Unrestricted</subfield>
        </datafield>
        <datafield tag="520" ind1="3" ind2=" ">
            <subfield code="a">El objetivo del trabajo fue analizar la relación entre creencias y percepciones de éxito en futbolistas adolescentes de categorías Cadete (14-16 años) y Juvenil (16-18 años) así como atender a posibles diferencias entre las categorías deportivas y posición clasificatoria de sus equipos. La muestra fue de 512 sujetos pertenecientes a 12 clubs de la ciudad de Zaragoza (M=16,01; DT: 1,465). Los instrumentos utilizados fueron Perception of Success Questionnaire (POSQ) traducida al castellano por Cervelló, Escartí y Balaguer (1999) así como Beliefs About the Causes of Sport Success Questionnaire (BACSSQ) validada por Castillo, Balaguer y Duda (2002). Los resultados mostraron correlaciones de orientaciones hacia la tarea con creencias de éxito basadas en el esfuerzo y motivación y de orientaciones hacia el ego con la habilidad normativa y utilización de técnicas de engaño. Además, se denotó la influencia de la percepción de éxito hacia la tarea y habilidad normativa según aumenta el nivel competitivo en jugadores cadetes y juveniles siguiendo una misma tendencia en las creencias de éxito basadas en la utilización de técnicas engañosas con los primeros. Se desprenden implicaciones prácticas a tener en cuenta por entrenadores y monitores para con sus deportistas orientadas hacia conductas de logro adaptativas y autodeterminadas en la consecución de resultados deportivos.</subfield>
        </datafield>
        <datafield tag="540" ind1=" " ind2=" ">
            <subfield code="9">info:eu-repo/semantics/openAccess</subfield>
            <subfield code="a">by-nc</subfield>
            <subfield code="u">http://creativecommons.org/licenses/by-nc/3.0/es/</subfield>
        </datafield>
        <datafield tag="592" ind1=" " ind2=" ">
            <subfield code="a">0.26</subfield>
            <subfield code="b">2017</subfield>
        </datafield>
        <datafield tag="593" ind1=" " ind2=" ">
            <subfield code="a">Education</subfield>
            <subfield code="c">2017</subfield>
            <subfield code="d">Q3</subfield>
        </datafield>
        <datafield tag="593" ind1=" " ind2=" ">
            <subfield code="a">Physical Therapy, Sports Therapy and Rehabilitation</subfield>
            <subfield code="c">2017</subfield>
            <subfield code="d">Q3</subfield>
        </datafield>
        <datafield tag="593" ind1=" " ind2=" ">
            <subfield code="a">Orthopedics and Sports Medicine</subfield>
            <subfield code="c">2017</subfield>
            <subfield code="d">Q3</subfield>
        </datafield>
        <datafield tag="655" ind1=" " ind2="4">
            <subfield code="a">info:eu-repo/semantics/article</subfield>
            <subfield code="v">info:eu-repo/semantics/publishedVersion</subfield>
        </datafield>
        <datafield tag="700" ind1=" " ind2=" ">
            <subfield code="0">(orcid)0000-0002-8072-2390</subfield>
            <subfield code="a">Salavera Bordas, Carlos</subfield>
            <subfield code="u">Universidad de Zaragoza</subfield>
        </datafield>
        <datafield tag="700" ind1=" " ind2=" ">
            <subfield code="0">(orcid)0000-0001-5941-0731</subfield>
            <subfield code="a">Murillo Lorente, Víctor</subfield>
            <subfield code="u">Universidad de Zaragoza</subfield>
        </datafield>
        <datafield tag="700" ind1=" " ind2=" ">
            <subfield code="0">(orcid)0000-0003-4370-6911</subfield>
            <subfield code="a">Álvarez Medina, Javier</subfield>
            <subfield code="u">Universidad de Zaragoza</subfield>
        </datafield>
        <datafield tag="710" ind1="2" ind2=" ">
            <subfield code="1">1006</subfield>
            <subfield code="2">245</subfield>
            <subfield code="a">Universidad de Zaragoza</subfield>
            <subfield code="b">Dpto. Fisiatría y Enfermería</subfield>
            <subfield code="c">Área Educación Física y Depor.</subfield>
        </datafield>
        <datafield tag="710" ind1="2" ind2=" ">
            <subfield code="1">4009</subfield>
            <subfield code="2">735</subfield>
            <subfield code="a">Universidad de Zaragoza</subfield>
            <subfield code="b">Dpto. Psicología y Sociología</subfield>
            <subfield code="c">Área Psicolog.Evolut.Educac</subfield>
        </datafield>
        <datafield tag="773" ind1=" " ind2=" ">
            <subfield code="g">31 (2017), 207-211</subfield>
            <subfield code="p">Retos (Madr.)</subfield>
            <subfield code="t">Retos</subfield>
            <subfield code="x">1579-1726</subfield>
        </datafield>
        <datafield tag="856" ind1="4" ind2="1">
            <subfield code="u">https://recyt.fecyt.es//index.php/retos/article/view/48956</subfield>
            <subfield code="z">Texto completo de la revista</subfield>
        </datafield>
        <datafield tag="856" ind1="4" ind2=" ">
            <subfield code="s">46282</subfield>
            <subfield code="u">http://zaguan.unizar.es/record/61522/files/texto_completo.pdf</subfield>
            <subfield code="y">Versión publicada</subfield>
        </datafield>
        <datafield tag="856" ind1="4" ind2=" ">
            <subfield code="s">125075</subfield>
            <subfield code="u">http://zaguan.unizar.es/record/61522/files/texto_completo.jpg?subformat=icon</subfield>
            <subfield code="x">icon</subfield>
            <subfield code="y">Versión publicada</subfield>
        </datafield>
        <datafield tag="909" ind1="C" ind2="O">
            <subfield code="o">oai:zaguan.unizar.es:61522</subfield>
            <subfield code="p">articulos</subfield>
            <subfield code="p">driver</subfield>
        </datafield>
        <datafield tag="951" ind1=" " ind2=" ">
            <subfield code="a">2020-11-05-08:18:30</subfield>
        </datafield>
        <datafield tag="980" ind1=" " ind2=" ">
            <subfield code="a">ARTICLE</subfield>
        </datafield>
    </record>

    
</collection>